000 01256naa a22003377a 4500
001 BR8106455
003 BR-BrBNA
005 20240918175006.0
007 ta
008 230509b bl.||||| |||| 00| 0 por d
040 _aBR-BrBNA
_bpor
_cBiblioteca Nacional de Agricultura
041 _a(Pt)
072 _aH10
_b3359
_b4020
_b4030
_b4040
_b3877
090 _aH10 BR8106455
100 1 _aMariconi, F.A.M.
245 1 _aOrquideas [Orchidaceae; Inseto; Acaro; Molusco; Praga de planta; Controle quimico]
250 1 _a4. ed.
260 3 _aSao Paulo, SP (Brasil):
_bNobel,
_c1981.
500 _aMariconi, F.A.M. Inseticidas e seu emprego no combate as pragas v. 2 Praga das Plantas cultivadas e dos produtos armazenados 4. ed. Sao Paulo, SP (Brasil): Nobel, 1981. p. 314-321 (BR8106455-AM)H10
650 _aORQUIDEA
650 _aPERCEVEJO
650 _aPULGAO
650 _aCOCHONILHA
650 _aSAUVA
650 _aCARACOL
650 _aINSETICIDA
650 _aBESOURO
773 0 _tInseticidas e seu emprego no combate as pragas v. 2 Praga das Plantas cultivadas e dos produtos armazenados
_aMariconi, F.A.M.
_wH10 BR8106455
_gSao Paulo, SP (Brasil), 1981. p. 314-321
909 _a202404
_bLucia
_c55
_dLucia Elande
942 _cAM
_2AGRIS
999 _c314477
_d314477